[Event "Lovsprings op 12th D"]
[Site "Ringsted"]
[Date "2001.03.30"]
[Round "5"]
[White "Hansen, Steen J"]
[Black "Abdi, Farhad"]
[Result "1-0"]
[WhiteElo "1275"]
[BlackElo "1167"]
[PlyCount "81"]
[EventDate "2001.03.02"]
[EventType "swiss"]
[EventRounds "7"]
[EventCountry "DEN"]
[SourceTitle "EXT 2023"]
[Source "ChessBase"]
[SourceDate "2022.10.05"]
[SourceVersion "1"]
[SourceVersionDate "2022.10.05"]
[SourceQuality "1"]

1. e4 g6 2. g3 Bg7 3. Bg2 c6 4. Nc3 d6 5. d4 Nf6 6. Nge2 Bg4 7. h3 Bc8 8. Be3 Nbd7 9. Qd2 Nb6 10. b3 Qc7 11. 0-0 Nbd7 12. Rad1 0-0 13. a4 a6 14. b4 Nb6 15. Qd3 Be6 16. d5 Bd7 17. a5 Nc8 18. Rd2 Ne8 19. g4 e6 20. dxe6 Bxe6 21. Na4 Qd7 22. c4 h5 23. f3 Nc7 24. Rfd1 Ne8 25. Nc5 Qe7 26. Nxe6 Qxe6 27. c5 Qd7 28. Bf4 f6 29. Qc4+ Rf7 30. cxd6 Bf8 31. e5 fxe5 32. Bxe5 b5 33. Qc5 Nf6 34. f4 hxg4 35. Bxc6 Qa7 36. Bxa8 Qxa8 37. hxg4 Ne4 38. Qd5 Qxd5 39. Rxd5 Nf6 40. Bxf6 Rxf6 41. d7 1-0

[Event "Lovsprings op 10th D"]
[Site "Ringsted"]
[Date "1998.05.15"]
[Round "6"]
[White "Hansen, Steen J"]
[Black "Petersen, Jimmy"]
[Result "0-1"]
[WhiteElo "1288"]
[BlackElo "1100"]
[PlyCount "70"]
[EventDate "1998.03.13"]
[EventType "swiss"]
[EventRounds "7"]
[EventCountry "DEN"]
[SourceTitle "EXT 2023"]
[Source "ChessBase"]
[SourceDate "2022.10.05"]
[SourceVersion "1"]
[SourceVersionDate "2022.10.05"]
[SourceQuality "1"]

1. e4 c5 2. Nf3 Nc6 3. Nc3 d6 4. Bc4 Nf6 5. h3 h6 6. d4 cxd4 7. Nxd4 Bd7 8. Be3 Nxd4 9. Qxd4 e5 10. Qd3 a6 11. a4 Be7 12. a5 0-0 13. 0-0 Qc8 14. Bb6 Qc6 15. Rfe1 Be6 16. Ba2 Bxa2 17. Rxa2 Rac8 18. Ra4 Rfe8 19. Re3 Qd7 20. f4 exf4 21. Rf3 g5 22. Bd4 d5 23. Bxf6 Bxf6 24. Nxd5 Kg7 25. Rb4 Qc6 26. Rb6 Qc5+ 27. Kh1 Bd8 28. Rxb7 Qxa5 29. Qd4+ Kg8 30. Ra3 Qe1+ 31. Qg1 Qxe4 32. Rd3 Rxc2 33. Rd1 f3 34. Rxf7 fxg2+ 35. Qxg2 Qxg2# 0-1

[Event "Lovsprings op 10th D"]
[Site "Ringsted"]
[Date "1998.03.13"]
[Round "1"]
[White "Hansen, Steen J"]
[Black "Rytter, Morten"]
[Result "0-1"]
[WhiteElo "1288"]
[BlackElo "1267"]
[PlyCount "96"]
[EventDate "1998.03.13"]
[EventType "swiss"]
[EventRounds "7"]
[EventCountry "DEN"]
[SourceTitle "EXT 2023"]
[Source "ChessBase"]
[SourceDate "2022.10.05"]
[SourceVersion "1"]
[SourceVersionDate "2022.10.05"]
[SourceQuality "1"]

1. e4 c5 2. Nf3 d6 3. d4 cxd4 4. Nxd4 Nf6 5. Nc3 Nc6 6. Bb5 Bd7 7. h3 a6 8. Bxc6 Bxc6 9. Qd3 e6 10. Be3 d5 11. Nxc6 bxc6 12. exd5 cxd5 13. Bd4 Be7 14. 0-0 0-0 15. Na4 Nd7 16. Rfe1 Bf6 17. f4 Bxd4+ 18. Qxd4 Qc7 19. b3 Qxc2 20. Rec1 Qe4 21. Qxe4 dxe4 22. Rc7 Nf6 23. Kf2 Nd5 24. Rc4 Nxf4 25. Rxe4 Nd5 26. Rc1 Rfc8 27. Rcc4 Kf8 28. Rh4 h6 29. Nc5 Ke7 30. Nd3 Nb6 31. Rc5 Rxc5 32. Nxc5 Nd7 33. Nd3 Rc8 34. Rc4 Rxc4 35. bxc4 Kd6 36. Ke3 Nc5 37. Nb4 a5 38. Nd3 Nxd3 39. Kxd3 Kc5 40. a3 a4 41. g4 g5 42. Kc3 f5 43. gxf5 exf5 44. Kd3 h5 45. Kc3 h4 46. Kd3 g4 47. hxg4 fxg4 48. Ke2 Kxc4 0-1